000
00285nam a2200121Ia 4500
008
191201s2015 xx 000 0 und d
100
_a
SHARMA,Gajendra
245
0
_a
Design and Analysis of Algorithms
260
_b
Khanna Pub
_c
2015
300
_a
656
650
_a
MCA
942
_2
ddc
_c
BK
999
_c
7158
_d
7158